| 000 | 00868nam a2200265 i 4500 | ||
|---|---|---|---|
| 003 | DO-SdBNP | ||
| 005 | 20230717143925.0 | ||
| 006 | a||||gr|||| 00| 0 | ||
| 007 | ta | ||
| 008 | 230710e2022 dr ||||| |||| 00| e spa d | ||
| 020 | _a9789945434149 | ||
| 040 |
_aDO-SdBNP _bspa _cBNPHU _erda |
||
| 082 | 4 |
_222 _bP281j |
|
| 100 | 1 |
_aCruz Pascual, Francisco, _d1956- _924825 _eautor |
|
| 245 | 1 | 0 |
_aJuan Bosch, su visión sobre la educación. / _cFrancisco Cruz Pascual |
| 264 | 4 |
_aSanto Domingo : _b12 de Octubre, _c©2022 |
|
| 300 |
_a43 páginas : _c19 cm |
||
| 336 |
_2rdaconten _atexto _btxt |
||
| 337 |
_2rdamedia _asin medición _bn |
||
| 338 |
_2rdacarrier _avolumen _bnc |
||
| 500 | _aIncluye datos biográficos del autor en la contracubierta | ||
| 500 | _aIncluye bibliografía y notas al pie de páginas | ||
| 590 | _aInventariado 2022 / MF | ||
| 942 |
_2ddc _cLF2 |
||
| 999 |
_c54145 _d54145 |
||